The concentration camps of the Anglo-Boer War : a social history (Record no. 198697)

MARC details
000 -LEADER
fixed length control field 00325nam a2200097Ia 4500
082 ## - DEWEY DECIMAL CLASSIFICATION NUMBER
Classification number 968.048|VANH
008 - FIXED-LENGTH DATA ELEMENTS--GENERAL INFORMATION
fixed length control field 210817s9999 xx 000 0 und d
100 ## - MAIN ENTRY--PERSONAL NAME
Personal name Van Heyningen, E. Auckland Park, South Africa, 2013
9 (RLIN) 62862
245 #0 - TITLE STATEMENT
Title The concentration camps of the Anglo-Boer War : a social history
942 ## - ADDED ENTRY ELEMENTS
item type Books
Holdings
Withdrawn status Lost status Damaged status Not for loan Home library Current library Date acquired Cost, normal purchase price Total Checkouts Barcode Date last seen Price effective from item type
        Emthonjeni PL (MMID-PLEMA-EMTH) Emthonjeni PL (MMID-PLEMA-EMTH) 18.08.2021 304.00   3322810089674 18.08.2021 18.08.2021 Books